As 20 Maiores Cidades do Butão - Statistics

Estatísticas Gerais
  • Esse quiz foi jogado 2 vezes
  • A pontuação média é 5 de 20
Estatísticas das Respostas
População Cidade % Correto
6.2 mil Jakar
100%
114 mil Timbu
100%
2.8 mil Gedu
50%
3.2 mil Kanglung
50%
4.4 mil Mongar
50%
27 mil Phuntsholing
50%
6.2 mil Punakha
50%
3.1 mil Trongsa
50%
3.4 mil Damphu
0%
9.8 mil Gelaphu
0%
3.6 mil Gomtu
0%
2.6 mil Gyelpozhing
0%
5.4 mil Nganglam
0%
9.3 mil Samdrup Jongkhar
0%
5.3 mil Samtse
0%
3.1 mil Sarpang
0%
3.0 mil Trashigang
0%
11 mil Tshongdue
0%
8.9 mil Wangdue
0%
3.1 mil Yangtse
0%
Nenhum quiz correspondente encontrado
Distribuição das Pontuações
Porcentagem de Pessoas com Cada Pontuação
Percentil de Números Respondidos
Sua Pontuação Histórica
Você não jogou esse quiz